Chengdu Counties and Districts 2022 - Statistics

General Stats
  • This quiz has been taken 104 times
  • The average score is 19 of 22
Answers on the Map
Answers color-coded by a green-red scale on the quiz's map according to % correct below.
 
Answer Stats
County/District % Correct
Jinniu/金牛
100%
Qingyang/青羊
100%
Chenghua/成华
96%
Qingbaijiang/青白江
96%
Shuangliu/双流
96%
Wenjiang/温江
96%
Dujiangyan/都江堰
91%
Jinjiang/锦江
91%
Longquanyi/龙泉驿
91%
Pidu/郫都
91%
Wuhou/武侯
91%
Xindu/新都
91%
Xindu/新都
91%
Xinjin/新津
91%
Jianyang/简阳
87%
Jintang/金堂
87%
Jintang/金堂
87%
Dayi/大邑
78%
Chongzhou/崇州
74%
Pengzhou/彭州
74%
Qionglai/邛崃
70%
Pujiang/蒲江
65%
No matching quizzes found
Score Distribution
Percent of People with Each Score
Percentile by Number Answered
Your Score History
You have not taken this quiz